Devil fruits in Blox fruits pictures - Statistics

General Stats
  • This quiz has been taken 773 times
  • The average score is 33 of 38
Answer Stats
Picture Answer % Correct
Rocket
98%
Spin
96%
Bomb
94%
Flame
94%
Chop
93%
Ice
93%
Smoke
93%
Spike
93%
Spring
93%
Falcon
92%
Dark
91%
Sand
91%
Diamond
90%
Ghost
89%
Light
89%
Magma
89%
Barrier
88%
Pain
88%
Rubber
88%
Love
87%
Phoenix
87%
Sound
86%
Spider
86%
Portal
85%
Quake
85%
Buddha
84%
Blizzard
82%
Gravity
82%
Rumble
82%
Control
81%
Dough
81%
Leopard
81%
Mammoth
81%
Shadow
81%
T-Rex
81%
Kitsune
80%
Spirit
80%
Venom
80%
No matching quizzes found
Score Distribution
Percent of People with Each Score
Percentile by Number Answered
Your Score History
You have not taken this quiz